Penguin Types - Statistics

General Stats
  • This quiz has been taken 109 times
  • The average score is 9 of 18
Answer Stats
Answer % Correct
Emperor
92%
King
85%
Macaroni
70%
Galapagos
61%
Gentoo
61%
Adelie
58%
African
58%
Chinstrap
52%
Little Blue
47%
Humboldt
45%
Royal
42%
Yellow Eye
39%
Magellanic
35%
Southern Rockhopper
35%
Northern Rockhopper
33%
Snares
29%
Erect Crested
26%
Fiordland
24%
No matching quizzes found
Score Distribution
Percent of People with Each Score
Percentile by Number Answered
Your Score History
You have not taken this quiz